000 00310nam a2200121Ia 4500
008 220204s9999 xx 000 0 und d
082 _a581.5(035)
_bGAT
100 _aGATES, Frank C
245 0 _aField maual of plant ecology.
260 _aNew York
_bMcgraw Hill
_c1949
650 _aPlant ecology
942 _cBK
999 _c19384
_d19384